000
00216nam a2200097Ia 4500
005
20251222114403.0
008
251222s1900||||xx |||||||||||||| ||spa||
082
_a
DVD0111/B81
245
0
_a
Los increĆbles:
942
_c
DVD
999
_c
1701
_d
1701